[Event "GBR-ch"]
[White "Almond, Philip"]
[Black "Smith, Graham M"]
[Site "Scarborough"]
[Round "8"]
[Result "1-0"]
[Date "2004.08.10"]
[WhiteElo "2131"]
[BlackElo "2157"]
[PlyCount "73"]
[EventDate "2004.08.02"]
[EventType "swiss"]
[EventRounds "11"]
[EventCountry "ENG"]
[SourceTitle "CBM 101 Extra"]
[Source "ChessBase"]
[SourceDate "2004.09.01"]
[SourceVersion "2"]
[SourceVersionDate "2004.09.01"]
[SourceQuality "1"]

1. c4 e5 2. g3 d6 3. Bg2 f5 4. Nc3 Nf6 5. d3 Be7 6. e4 c6 7. Nge2 0-0 8. 0-0 Na6 9. exf5 Bxf5 10. d4 Nb4 11. Bg5 h6 12. Bxf6 Bxf6 13. Ne4 Qe7 14. d5 cxd5 15. cxd5 Qd7 16. a3 Na6 17. N2c3 Bd8 18. Qe2 Bb6 19. Rac1 Nc5 20. Nxc5 Bxc5 21. b4 Bb6 22. Kh1 a6 23. Ne4 Rac8 24. f3 Bd4 25. Rfd1 Rxc1 26. Rxc1 Bxe4 27. Qxe4 Rc8 28. Rc2 Rc7 29. h4 Qc8 30. Rxc7 Qxc7 31. Kh2 Qc1 32. Qf5 Qc7 33. Bf1 Qe7 34. Bd3 Bb2 35. a4 Bc1 36. Qc8+ Kf7 37. Qxc1 1-0

[Event "GBR-ch"]
[White "Ledger, Stephen C"]
[Black "Almond, Philip"]
[Site "Scarborough"]
[Round "4"]
[Result "0-1"]
[Date "2004.08.05"]
[WhiteElo "2203"]
[BlackElo "2131"]
[PlyCount "80"]
[EventDate "2004.08.02"]
[EventType "swiss"]
[EventRounds "11"]
[EventCountry "ENG"]
[SourceTitle "CBM 101 Extra"]
[Source "ChessBase"]
[SourceDate "2004.09.01"]
[SourceVersion "2"]
[SourceVersionDate "2004.09.01"]
[SourceQuality "1"]

1. d4 Nf6 2. Nf3 e6 3. Bf4 b6 4. e3 Bb7 5. Be2 Be7 6. h3 0-0 7. 0-0 d6 8. c3 Nbd7 9. Nbd2 Re8 10. a4 Bf8 11. Nc4 Ne4 12. Qc2 f5 13. Bh2 Ndf6 14. a5 Qd7 15. Ne1 b5 16. Na3 a6 17. Nd3 c5 18. f3 c4 19. Nb4 Ng5 20. Qd2 h6 21. Nac2 Be7 22. Qe1 Bd8 23. Qg3 Bc7 24. Ra3 Rac8 25. Qf2 Nf7 26. Rd1 Kh8 27. Ne1 Rg8 28. Ra2 g5 29. g4 Rg7 30. Ng2 Rcg8 31. Kf1 h5 32. Nc2 hxg4 33. hxg4 fxg4 34. fxg4 Ne4 35. Qg1 Rf8 36. Ke1 Nh6 37. Rc1 Rgf7 38. Kd1 Rf2 39. Nce1 Nxg4 40. Bxg4 Rd2# 0-1